Регионална библиотека "Любен Каравелов" - Русе

Курортът Нареченски бани (Запис номер 189526)

MARC детайли
000 -Лидер
Контролно поле с фиксирана дължина 01393nam a2200373 c 4500
003 - Код на организацията, давaща контролен номер
Контролно поле BLK
005 - Дата и час на последна редакция
Контролно поле 20180422115646.0
008 - Елементи от данни с фиксирана дължина
fixed length control field 180411b bul|||||r ||||||| ||bul||
010 ## - Наследен системен номер
LC control number KNG00198570000
040 ## - Източник на каталожния запис
Идентификатор на билиотеката - собственик на записа BLK
041 ## - Код за език
Код за езика на текст/звукозапис или на отделно заглавие Български
Код за езика КДБФ Български
080 ## - УДК
Текстов определител УДК Физикални средства. Лечение с природни средства
УДК код - определител по УДК 615.83
УДК определител (497.2)
УДК - код + определител 615.83(497.2)
100 1# - Редна дума - Автор
Автор Илиев, Цветан Стоянов
Авторска отговорност първи автор
R(LIN) 383659
139 ## - Редно поле
Редна дума Илиев, Цветан Стоянов
Авторски знак Илие - И 52
245 10 - Сведения за заглавието
Заглавие Курортът Нареченски бани
Редно поле (дума) Цветан Стоянов Илиев.
250 ## - Област на изданието
Сведения за изданието 2. изд.
257 ## - Страна на издаване
Страна на създаване/издаване България
260 ## - Област на издателските данни
-- Пловдив
Име на издателя, разпространителя и проч. Христо Г. Данов
Година на издаване 1966
Печатница Пловдив : Хр. Г. Данов
300 ## - Физическа характеристика
Страници 200 с.
Илюстрации и др. с ил.
Размери/Мащаб 20 см
380 ## - Жанр
Жанр Медицина
500 ## - Общи забележки
Забележка 1. изд. 1962. - 12 070 тир. - Библиогр. с. 195-198
650 #4 - Допълнително описание по предмет – тема
Основно описание – тема или топоним Курортно лечение - терапия
9 (RLIN) 160014
650 #4 - Допълнително описание по предмет – тема
Основно описание – тема или топоним Курорти - България
9 (RLIN) 319021
650 #4 - Допълнително описание по предмет – тема
Основно описание – тема или топоним Балнеотуризъм
9 (RLIN) 148068
651 #4 - Допълнително описание по предмет - топоним
Географско понятие България
9 (RLIN) 241624
653 ## - Ключова дума – ненормативна
Ключова дума курорти
653 ## - Ключова дума – ненормативна
Ключова дума балнеолечение
653 ## - Ключова дума – ненормативна
Ключова дума Наречен
852 ## - Местоположение
Форматна сигнатура Цб І 8286
856 4# - Електронен адрес и достъп
Електронен формат pdf - файл
Път до файла /url/
856 4# - Електронен адрес и достъп
Електронен формат pdf - файл
Път до файла /url/
942 ## - АРТИКУЛИ
Вид на библиотечния материал Книги
Скрит в OPAC Не
944 ## - СЪЗДАВАНЕ И РЕДАКЦИЯ на ЗАПИСА
Създаване/Редакция Създаване
Дата на регистрацията/редакция 19.12.2016
Служител, извършил регистрацията/редакцията Елиз_Шакирова
944 ## - СЪЗДАВАНЕ И РЕДАКЦИЯ на ЗАПИСА
Създаване/Редакция Редакция
Дата на регистрацията/редакция 19.12.2016
Служител, извършил регистрацията/редакцията Елиз_Шакирова
999 ## - СИСТЕМНИ КОНТРОЛНИ НОМЕРА
Koha biblionumber 189526
Koha biblioitemnumber 189526
Наличности
Код за отписване Код за изгубен артикул Източник на класификационната схема Код за повреда Коз за рестрикции Код за отдаване Артикулен № Име на библиотеката - собственик Име на библиотеката, в която се намира в момента Статус (Текущо местоположение) Дата на вписване в системата Местоположение - отдел Цена в лева Инвентарен номер Систематично азбучна сигнатура Баркод Номер на екземпляра Цена в евро Служебна бележка Служебен тип на артикула
Изтеглен Не е изгубен Universal Decimal Classification Не е повреден без рестрикции заемане за дома 333494 Регионална библиотека "Любен Каравелов" Русе Регионална библиотека "Любен Каравелов" Русе Заемна - подръчен фонд 1966-01-01 Заемна - подръчен фонд 0.00 6374/66 П 615.83/И 52 6374/66 1 0.00 Дост: Pk Вид: Ф N: стар фонд Дата: 01.01.1966 Книги
  Не е изгубен Universal Decimal Classification Не е повреден само за читалня ползва се в читалня 333495 Регионална библиотека "Любен Каравелов" Русе Регионална библиотека "Любен Каравелов" Русе Хранилище 1966-01-01 Хранилище 0.37 5989/66 Цб І 8286 900000029204 2 0.19 Дост: Dp Вид: Д N: стар фонд Дата: 01.01.1966 Книги
Vip Innovations Ltd, Rousse, Bulgaria 2025